|
|
|
|
| LEADER |
01206nam a2200289 a 4500 |
| 001 |
7115 |
| 003 |
BD-DhAAL |
| 005 |
20150711094230.0 |
| 008 |
150711s2002 mau 000 0 eng |
| 010 |
|
|
|a 2001280587
|
| 020 |
|
|
|a 007251258X
|
| 040 |
|
|
|a DLC
|c DLC
|d DLC
|d BD-DhAAL
|
| 050 |
0 |
0 |
|a T58.6
|b .M64 2002
|
| 082 |
|
|
|a 658.4/038011
|
| 100 |
1 |
|
|a Morgan, James N.
|9 13062
|
| 245 |
1 |
0 |
|a Application cases in MIS :
|b using the Internet and spreadsheet and database software /
|c James N. Morgan.
|
| 250 |
|
|
|a 5th ed.
|
| 260 |
|
|
|a Boston :
|b McGraw-Hill/Irwin,
|c c2002.
|
| 300 |
|
|
|a vii, 160 p. ;
|c 26 cm.
|
| 541 |
|
|
|e 7115
|
| 650 |
|
0 |
|a Management information systems
|x Case studies.
|9 13063
|
| 650 |
|
0 |
|a Electronic spreadsheets
|x Case studies.
|9 13064
|
| 650 |
|
0 |
|a Database management
|x Case studies.
|9 13065
|
| 942 |
|
|
|2 ddc
|c BK
|
| 999 |
|
|
|c 35023
|d 35023
|
| 952 |
|
|
|0 0
|1 0
|2 ddc
|4 0
|6 658_403801100000000_MOR
|7 0
|9 54904
|a SCL
|b SCL
|c GEN
|d 2015-07-11
|e Gift: The Asia Foundation
|l 0
|o 658.4038011 MOR
|p 3020007115
|r 2015-07-11
|t 1
|w 2015-07-11
|y BK
|
| 952 |
|
|
|0 0
|1 0
|2 ddc
|4 0
|6 658_403801100000000_MOR
|7 0
|9 54905
|a SCL
|b SCL
|c GEN
|d 2015-07-11
|e Gift: The Asia Foundation
|l 0
|o 658.4038011 MOR
|p 3020007116
|r 2015-07-11
|t 2
|w 2015-07-11
|y BK
|